| 000 | 00793nam a2200193 a 4500 | ||
|---|---|---|---|
| 001 | 000027779 | ||
| 005 | 20250116163337.0 | ||
| 008 | 110404s2000 dr ac 000 0 spa d | ||
| 040 |
_aDO-SdBNP _bspa _cBNPHU |
||
| 082 |
_axxxx _bxxxx |
||
| 100 | 1 |
_aAndújar Scheker, Catalina _954854 |
|
| 245 | 1 | 0 |
_aPolíticas educativas en el área de las necesidades educativas especiales : _bacciones implementadas por el Departamento de Educación Especial / _cCatalina Andújar Scheker. |
| 260 |
_aSanto Domingo : _bSecretaría de Estado de Educación y Cultura, _c2000. |
||
| 300 |
_a52 p. : _bil. ; _c28 p. |
||
| 490 | 1 |
_aGestión educativa _vno.29 |
|
| 710 | 1 |
_aRepública Dominicana. _bSecretaría de Estado de Educación y Cultura _918697 |
|
| 830 | 1 |
_aGestión educativa _vno.29 _919751 |
|
| 049 | _aBNPD | ||
| 999 |
_c27271 _d27271 |
||